Every Artists To Be #1 In Monthly Listeners On Spotify - Statistics

General Stats
  • This quiz has been taken 34 times
  • The average score is 30 of 42
Answer Stats
Artist Time Held % Correct
Taylor Swift November 2022
100%
Taylor Swift November 2023 - December 2023
100%
Drake May 2016 - November 2016
87%
Drake May 2018
87%
Bruno Mars November 2024 - June 2025
83%
Bruno Mars August 2025
83%
The Weeknd September 2015 - October 2015
80%
The Weeknd December 2016 - January 2017
80%
The Weeknd April 2017 - June 2017
80%
The Weeknd August 2017
80%
The Weeknd January 2018 - April 2018
80%
The Weeknd July 2018 - October 2018
80%
The Weeknd February 2019
80%
The Weeknd June 2019
80%
The Weeknd August 2019 - September 2019
80%
The Weeknd November 2019 - December 2019
80%
The Weeknd April 2020 - October 2020
80%
The Weeknd February 2021 - March 2021
80%
The Weeknd January 2022 - February 2022
80%
The Weeknd December 2022 - October 2023
80%
The Weeknd January 2024 - July 2024
80%
The Weeknd September 2024 - October 2024
80%
The Weeknd July 2025
80%
The Weeknd September 2025 - Current
80%
Justin Bieber November 2015 - March 2016
70%
Justin Bieber February 2020 - March 2020
70%
Justin Bieber January 2021
70%
Justin Bieber April 2021 - December 2021
70%
Ariana Grande November 2018 - January 2019
63%
Ariana Grande March 2019
63%
Ariana Grande November 2020 - December 2020
63%
Ed Sheeran February 2017 - March 2017
60%
Ed Sheeran September 2017 - December 2017
60%
Ed Sheeran July 2019
60%
Ed Sheeran October 2019
60%
Ed Sheeran January 2020
60%
Ed Sheeran March 2022 - October 2022
60%
Rihanna April 2016
57%
Billie Eilish August 2024
40%
J Balvin June 2018
23%
Daddy Yankee July 2017
17%
Khalid April 2019 - May 2019
10%
No matching quizzes found
Score Distribution
Percent of People with Each Score
Percentile by Number Answered
Your Score History
You have not taken this quiz